| 000 | 00563cam a22002411 4500 | ||
|---|---|---|---|
| 001 | sa 63002862 | ||
| 003 | DLC | ||
| 005 | 20260227111937.0 | ||
| 008 | 890111s1962 xx 000 0 hino | ||
| 010 | _asa 63002862 | ||
| 035 | _a(OCoLC)23555790 | ||
| 040 |
_aDLC _cMiU _dDLC |
||
| 042 | _apremarc | ||
| 043 | _aa-ii--- | ||
| 050 | 0 | 0 |
_aHJ191.H52 _bS5 |
| 100 | 1 | _aSingh, B. K. | |
| 245 | 1 | 0 | _aRājasva. |
| 260 | _c[1962] | ||
| 300 |
_a375 p. _billus. _c23 cm. |
||
| 500 | _aRomanized. | ||
| 650 | 0 | _aFinance, Public | |
| 650 | 0 |
_aFinance, Public _zIndia. |
|
| 999 |
_c54724 _d54724 |
||